[Event "Flims op 10th"]
[Site "Flims"]
[Date "2021.12.17"]
[Round "1"]
[White "Von Krogh, Deniz"]
[Black "Neuberger, Guido"]
[Result "0-1"]
[WhiteElo "1398"]
[BlackElo "2181"]
[PlyCount "35"]
[EventDate "2021.12.17"]
[EventType "swiss"]
[EventRounds "5"]
[EventCountry "SUI"]
[SourceTitle "EXT 2023"]
[Source "ChessBase"]
[SourceDate "2022.10.05"]
[SourceVersion "1"]
[SourceVersionDate "2022.10.05"]
[SourceQuality "1"]

1. e4 e6 2. d3 d5 3. Nd2 Nc6 4. g3 Nf6 5. Bg2 Bc5 6. Ngf3 dxe4 7. dxe4 0-0 8. 0-0 e5 9. Ne1 Bg4 10. Bf3 Bh3 11. Bg2 Bxg2 12. Kxg2 Nxe4 13. Nd3 Nxd2 14. Bxd2 Qd5+ 15. Qf3 e4 16. Qg4 exd3+ 17. Kg1 Ne5 18. Qh3 0-1

[Event "Lugano Paradiso op"]
[Site "Lugano"]
[Date "2020.10.04"]
[Round "5"]
[White "Schnell, Simon"]
[Black "Von Krogh, Deniz"]
[Result "1-0"]
[WhiteElo "1679"]
[BlackElo "1344"]
[PlyCount "67"]
[EventDate "2020.10.02"]
[EventType "swiss"]
[EventRounds "5"]
[EventCountry "SUI"]
[SourceTitle "CBM 198 Extra"]
[Source "ChessBase"]
[SourceDate "2020.11.30"]
[SourceVersion "1"]
[SourceVersionDate "2020.11.30"]
[SourceQuality "1"]

1. d4 Nf6 2. c4 e6 3. Nc3 d5 4. cxd5 exd5 5. Bg5 Bd6 6. e3 c6 7. Bd3 h6 8. Bh4 Be6 9. Nge2 Nbd7 10. 0-0 Qc7 11. Bg3 g5 12. Rc1 h5 13. Nb5 Bxg3 14. Nxc7+ Bxc7 15. Nc3 a6 16. Qc2 h4 17. Bf5 0-0-0 18. Bxe6 fxe6 19. b4 g4 20. b5 axb5 21. Nxb5 g3 22. Na7+ Kb8 23. Nxc6+ bxc6 24. Qxc6 Rc8 25. Rb1+ Nb6 26. Rxb6+ Bxb6 27. Qxb6+ Ka8 28. Rb1 gxh2+ 29. Kh1 Rc1+ 30. Rxc1 Ne4 31. Qa6+ Kb8 32. Rb1+ Kc7 33. Rb7+ Kc8 34. Qa8# 1-0